Bệnh Trĩ

Đã lưu trong:
Bibliografiske detaljer
Hovedforfatter: Trần, Khương Kiều
Format: Bog
Sprog:Vietnamese
Udgivet: H. Y học 1983
Fag:
Tags: Tilføj Tag
Ingen Tags, Vær først til at tagge denne postø!
Thư viện lưu trữ: Mạng thư viện Đại học Đà Nẵng
LEADER 00905nam a2200301 4500
001 000013574
003 9918
005 20120319080323.0
008 120319s1983 viesd
020 |c 28đ 
041 0 |a vie 
082 |a 616.35  |b TR-K 
100 0 |a Trần, Khương Kiều 
245 0 |a Bệnh Trĩ  |c Trần Khương Kiều 
260 |a H.  |b Y học  |c 1983 
300 |a 160 tr.  |c 19 cm 
653 |a Bệnh trĩ 
910 |a duyên 
OWN |a LSP 
AVA |a UDN50  |b LSP  |d 616.35 TR-K  |e available  |t Error 5001 Not defined in file expand_doc_bib_avail.  |f 2  |g 0  |h N  |i 0  |k 1 
999 |a From the UDN01 
AVA |a UDN50  |b LSP  |d 616.35 TR-K  |e available  |t Error 5001 Not defined in file expand_doc_bib_avail.  |f 2  |g 0  |h N  |i 0  |k 1 
TYP |a Monograph 
TYP |a Printed language 
980 |a Mạng thư viện Đại học Đà Nẵng